[Event "HUN-chT2 Breyer 1617"]
[Site "Hungary"]
[Date "2017.03.12"]
[Round "8.1"]
[White "Lorincz, Istvan"]
[Black "Palkovi, Jozsef"]
[Result "0-1"]
[WhiteElo "2251"]
[BlackElo "2428"]
[PlyCount "54"]
[EventDate "2016.10.30"]
[EventType "team-tourn"]
[EventRounds "9"]
[EventCountry "HUN"]
[SourceTitle "EXT 2021"]
[Source "ChessBase"]
[SourceDate "2020.10.23"]
[SourceVersion "1"]
[SourceVersionDate "2020.10.23"]
[SourceQuality "1"]
[WhiteTeam "Budapest MLTC"]
[BlackTeam "Paty"]
[WhiteTeamCountry "HUN"]
[BlackTeamCountry "HUN"]

1. d4 Nf6 2. Nf3 e6 3. c4 c5 4. e3 d5 5. cxd5 exd5 6. Bb5+ Nc6 7. 0-0 Bd6 8. dxc5 Bxc5 9. Qc2 Qd6 10. Nbd2 0-0 11. Bxc6 bxc6 12. b3 Re8 13. Bb2 Bb6 14. Rac1 c5 15. Ba3 Ba6 16. Rfd1 Rac8 17. Nc4 Qe6 18. Nxb6 axb6 19. Qb2 Bb7 20. Re1 d4 21. exd4 Qg4 22. h3 Qg6 23. d5 Bxd5 24. Qc3 Be4 25. Bb2 Nd5 26. Nh4 Nxc3 27. Nxg6 Nxa2 0-1

[Event "HUN-chT2 Breyer 1617"]
[Site "Hungary"]
[Date "2017.02.12"]
[Round "6.1"]
[White "Dudas, Janos"]
[Black "Palkovi, Jozsef"]
[Result "0-1"]
[WhiteElo "2339"]
[BlackElo "2428"]
[PlyCount "98"]
[EventDate "2016.10.30"]
[EventType "team-tourn"]
[EventRounds "9"]
[EventCountry "HUN"]
[SourceTitle "EXT 2021"]
[Source "ChessBase"]
[SourceDate "2020.10.23"]
[SourceVersion "1"]
[SourceVersionDate "2020.10.23"]
[SourceQuality "1"]
[WhiteTeam "Torokbalint"]
[BlackTeam "Paty"]
[WhiteTeamCountry "HUN"]
[BlackTeamCountry "HUN"]

1. Nf3 c5 2. c4 Nc6 3. g3 e5 4. Nc3 g6 5. Bg2 Bg7 6. 0-0 Nge7 7. a3 a5 8. d3 0-0 9. Ne1 d6 10. Nc2 Be6 11. Ne3 f5 12. Ned5 h6 13. f4 Kh7 14. Rb1 Rb8 15. Bd2 Bf7 16. Nxe7 Nxe7 17. b4 axb4 18. axb4 exf4 19. Rxf4 d5 20. Nxd5 Nxd5 21. cxd5 Bxd5 22. bxc5 g5 23. Rfb4 Bxg2 24. Kxg2 Qd5+ 25. Kg1 f4 26. Re4 Qxc5+ 27. Kg2 fxg3 28. Be3 Qd5 29. hxg3 Rbe8 30. Qb3 Qxb3 31. Rxb3 Rxe4 32. dxe4 Rf7 33. Bc5 Be5 34. Rb6 Rc7 35. Bf8 Bg7 36. Bd6 Rc6 37. Rxc6 bxc6 38. e5 g4 39. e4 Kg6 40. e6 Bd4 41. Be7 c5 42. Kf1 c4 43. Ke2 h5 44. Bd6 Kf6 45. e7 Kf7 46. e5 Ke8 47. Kd2 Bf2 48. e6 Bd4 49. Kc2 Bf6 0-1

[Event "HUN-chT2 Breyer 1617"]
[Site "Hungary"]
[Date "2016.12.11"]
[Round "4.1"]
[White "Szabolcsi, Janos"]
[Black "Palkovi, Jozsef"]
[Result "1/2-1/2"]
[WhiteElo "2316"]
[BlackElo "2428"]
[PlyCount "52"]
[EventDate "2016.10.30"]
[EventType "team-tourn"]
[EventRounds "9"]
[EventCountry "HUN"]
[SourceTitle "EXT 2021"]
[Source "ChessBase"]
[SourceDate "2020.10.23"]
[SourceVersion "1"]
[SourceVersionDate "2020.10.23"]
[SourceQuality "1"]
[WhiteTeam "Budapest MTK II"]
[BlackTeam "Paty"]
[WhiteTeamCountry "HUN"]
[BlackTeamCountry "HUN"]

1. d4 Nf6 2. Nf3 g6 3. g3 Bg7 4. Bg2 0-0 5. 0-0 d6 6. c4 Nc6 7. Nc3 a6 8. b3 Rb8 9. Nd5 e6 10. Nxf6+ Qxf6 11. Bb2 Qe7 12. Rc1 e5 13. d5 Nd8 14. e4 f5 15. Ne1 Nf7 16. exf5 Bxf5 17. Nd3 Ng5 18. h4 Bxd3 19. Qxd3 e4 20. Qe2 Bxb2 21. Qxb2 Nf3+ 22. Bxf3 Rxf3 23. Rce1 Re8 24. Kg2 Qf7 25. Re3 Qf5 26. Qe2 Rxe3 1/2-1/2

[Event "HUN-chT2 Charousek 1415"]
[Site "Hungary"]
[Date "2015.01.25"]
[Round "5"]
[White "Palkovi, Jozsef"]
[Black "Flumbort, Andras"]
[Result "1/2-1/2"]
[WhiteElo "2463"]
[BlackElo "2469"]
[PlyCount "59"]
[EventDate "2014.10.12"]
[EventType "team-tourn"]
[EventRounds "9"]
[EventCountry "HUN"]
[SourceTitle "EXT 2016"]
[Source "ChessBase"]
[SourceDate "2015.10.08"]
[SourceVersion "1"]
[SourceVersionDate "2015.10.08"]
[SourceQuality "1"]
[WhiteTeam "Biatorbagy"]
[BlackTeam "Aquaprofit II"]
[WhiteTeamCountry "HUN"]
[BlackTeamCountry "HUN"]

1. e4 c5 2. c4 Nc6 3. Nc3 g6 4. g3 Bg7 5. Bg2 d6 6. Nge2 e5 7. 0-0 Nge7 8. d3 0-0 9. Rb1 Rb8 10. Be3 a6 11. f4 Nd4 12. b4 cxb4 13. Rxb4 Nec6 14. Rb1 Bg4 15. h3 exf4 16. gxf4 Bh5 17. Qd2 Qa5 18. Ng3 Bf3 19. Bxf3 Qxc3 20. Qxc3 Nxf3+ 21. Rxf3 Bxc3 22. Ne2 Bg7 23. Bb6 f5 24. Bc7 fxe4 25. dxe4 Rbe8 26. Bxd6 Rf6 27. c5 Rxe4 28. Ng3 Ra4 29. a3 b6 30. Ne2 1/2-1/2

[Event "HUN-chT2 Breyer 1314"]
[Site "Hungary"]
[Date "2014.03.23"]
[Round "7"]
[White "Palkovi, Jozsef"]
[Black "Harmatosi, Jozsef"]
[Result "1-0"]
[WhiteElo "2453"]
[BlackElo "2236"]
[PlyCount "53"]
[EventDate "2013.09.08"]
[EventType "team-tourn"]
[EventRounds "9"]
[EventCountry "HUN"]
[SourceTitle "EXT 2016"]
[Source "ChessBase"]
[SourceDate "2015.10.08"]
[SourceVersion "1"]
[SourceVersionDate "2015.10.08"]
[SourceQuality "1"]
[WhiteTeam "Biatorbagy"]
[BlackTeam "Szazhalombatta"]
[WhiteTeamCountry "HUN"]
[BlackTeamCountry "HUN"]

1. e4 Nc6 2. Nc3 d6 3. d4 e5 4. Nge2 exd4 5. Nxd4 Nf6 6. g3 Bg4 7. f3 Nxd4 8. fxg4 Nc6 9. g5 Nd7 10. Bf4 Be7 11. h4 0-0 12. Qd2 Nce5 13. 0-0-0 c6 14. Bh3 Nc5 15. Qd4 Qc7 16. h5 g6 17. hxg6 hxg6 18. Kb1 a5 19. Qf2 Kg7 20. Bc8 f6 21. Qh2 Kf7 22. Qh7+ Ke8 23. Bxe5 fxe5 24. Qxg6+ Kd8 25. Bg4 b5 26. Rhf1 b4 27. Ne2 1-0

[Event "HUN-chT2 Breyer 1213"]
[Site "Hungary"]
[Date "2012.11.18"]
[Round "4.1"]
[White "Palkovi, Jozsef"]
[Black "Nagy, Hunor"]
[Result "1-0"]
[WhiteElo "2454"]
[BlackElo "2012"]
[PlyCount "39"]
[EventDate "2012.09.16"]
[EventType "team-tourn"]
[EventRounds "11"]
[EventCountry "HUN"]
[SourceTitle "EXT 2014"]
[Source "ChessBase"]
[SourceDate "2013.11.20"]
[SourceVersion "1"]
[SourceVersionDate "2013.11.20"]
[SourceQuality "1"]
[WhiteTeam "Biatorbagy"]
[BlackTeam "Szechenyi"]
[WhiteTeamCountry "HUN"]
[BlackTeamCountry "HUN"]

1. e4 e5 2. Nf3 Nc6 3. d4 exd4 4. Bc4 Nf6 5. e5 d5 6. Bb5 Ne4 7. Nxd4 Bd7 8. Bxc6 bxc6 9. 0-0 Be7 10. f3 Nc5 11. f4 0-0 12. f5 f6 13. e6 Be8 14. Qg4 h5 15. Qh4 Ne4 16. Nc3 Bc5 17. Be3 Nd6 18. Rae1 Nc4 19. Kh1 Ne5 20. Nxc6 1-0

[Event "HUN-chT2 Breyer 1213"]
[Site "Hungary"]
[Date "2012.10.07"]
[Round "2.1"]
[White "Finszter, Mate"]
[Black "Palkovi, Jozsef"]
[Result "0-1"]
[WhiteElo "2107"]
[BlackElo "2454"]
[PlyCount "116"]
[EventDate "2012.09.16"]
[EventType "team-tourn"]
[EventRounds "11"]
[EventCountry "HUN"]
[SourceTitle "EXT 2014"]
[Source "ChessBase"]
[SourceDate "2013.11.20"]
[SourceVersion "1"]
[SourceVersionDate "2013.11.20"]
[SourceQuality "1"]
[WhiteTeam "Gyor Komszomol"]
[BlackTeam "Biatorbagy"]
[WhiteTeamCountry "HUN"]
[BlackTeamCountry "HUN"]

1. d4 Nf6 2. Nf3 g6 3. Bf4 Bg7 4. e3 0-0 5. Be2 d6 6. h3 c5 7. c3 Be6 8. dxc5 dxc5 9. Qxd8 Rxd8 10. Nbd2 Nc6 11. e4 h6 12. 0-0 Nd7 13. Rfd1 Nde5 14. Nxe5 Nxe5 15. Nf3 Bc4 16. Nxe5 Bxe2 17. Rd5 g5 18. Bg3 Rxd5 19. exd5 Rd8 20. Re1 Ba6 21. Rd1 f6 22. Nf3 Bc4 23. d6 e5 24. Ne1 Bf8 25. Nc2 Rxd6 26. Rxd6 Bxd6 27. a3 Bd3 28. Ne1 Bb1 29. f3 a5 30. Bf2 f5 31. Kf1 f4 32. Ke2 e4 33. fxe4 Bxe4 34. Nf3 Kf7 35. Be1 c4 36. Bf2 Kf6 37. Bb6 a4 38. Bd8+ Be7 39. Bb6 h5 40. Bd4+ Kf5 41. Kf2 g4 42. hxg4+ hxg4 43. Ne5 Bh4+ 44. Kg1 Bd5 45. Nd7 b5 46. Nb6 Bc6 47. Nc8 Ke4 48. Nd6+ Kd3 49. Nf5 Bg5 50. Bc5 Kd2 51. Nd4 Bd7 52. Kf2 Kc1 53. Ne2+ Kxb2 54. Bd6 Bh4+ 55. Kf1 f3 56. Nd4 fxg2+ 57. Kxg2 Kxc3 58. Be5 Kd3 0-1

[Event "HUN-chT2 Breyer 1112"]
[Site "Hungary"]
[Date "2012.05.20"]
[Round "11.1"]
[White "Pallag, Gergely"]
[Black "Palkovi, Jozsef"]
[Result "0-1"]
[WhiteElo "2046"]
[BlackElo "2439"]
[PlyCount "102"]
[EventDate "2011.09.25"]
[EventType "team-tourn"]
[EventRounds "11"]
[EventCountry "HUN"]
[SourceTitle "EXT 2013"]
[Source "ChessBase"]
[SourceDate "2012.11.22"]
[SourceVersion "1"]
[SourceVersionDate "2012.11.22"]
[SourceQuality "1"]
[WhiteTeam "Kisber Aszar"]
[BlackTeam "Biatorbagy"]
[WhiteTeamCountry "HUN"]
[BlackTeamCountry "HUN"]

1. d4 Nf6 2. Bg5 d5 3. Bxf6 exf6 4. e3 Bd6 5. c4 dxc4 6. Bxc4 0-0 7. Qf3 f5 8. Ne2 c6 9. Nbc3 Nd7 10. Bd3 g6 11. h4 Nf6 12. h5 Qe7 13. 0-0-0 b5 14. Ng3 b4 15. Nce2 Be6 16. Nf4 Bxf4 17. Qxf4 c5 18. Qg5 cxd4 19. exd4 Bxa2 20. Bxf5 h6 21. Qxh6 gxf5 22. Rhe1 Ng4 23. Qf4 Rac8+ 24. Kd2 Qc7 25. Qxf5 Nh6 26. Qg5+ Kh7 27. Rc1 Qd7 28. Qf6 Rxc1 29. Rxc1 Rd8 30. Ne2 Re8 31. f3 Re6 32. Qg5 Qe7 33. Qxe7 Rxe7 34. g4 f6 35. Nf4 Rd7 36. Ke3 Nf7 37. Rc6 Nd6 38. Kd3 a5 39. d5 a4 40. Rb6 Bc4+ 41. Kc2 a3 42. Rxb4 a2 43. Ra4 Rb7 44. Ra5 Bb3+ 45. Kc3 Nc8 46. d6 Nxd6 47. Nd3 Bf7 48. Nb4 Nb5+ 49. Kd2 Nd4 50. Kc3 Rxb4 51. Kxb4 Nc6+ 0-1

[Event "HUN-chT2 Breyer 1112"]
[Site "Hungary"]
[Date "2011.11.13"]
[Round "3.1"]
[White "Palkovi, Jozsef"]
[Black "Matrahalmi, Tibor"]
[Result "1-0"]
[WhiteElo "2439"]
[BlackElo "2344"]
[PlyCount "79"]
[EventDate "2011.09.25"]
[EventType "team-tourn"]
[EventRounds "11"]
[EventCountry "HUN"]
[SourceTitle "EXT 2013"]
[Source "ChessBase"]
[SourceDate "2012.11.22"]
[SourceVersion "1"]
[SourceVersionDate "2012.11.22"]
[SourceQuality "1"]
[WhiteTeam "Biatorbagy"]
[BlackTeam "MAV Elore"]
[WhiteTeamCountry "HUN"]
[BlackTeamCountry "HUN"]

1. e4 e5 2. Nf3 Nc6 3. Bb5 a6 4. Ba4 Nf6 5. 0-0 Be7 6. Re1 b5 7. Bb3 d6 8. c3 0-0 9. d4 Bg4 10. Be3 exd4 11. cxd4 d5 12. e5 Ne4 13. Nc3 Nxc3 14. bxc3 Qd7 15. h3 Bh5 16. g4 Bg6 17. Bf4 Nd8 18. Bg3 Ne6 19. Nh2 c5 20. f4 Be4 21. Rxe4 dxe4 22. f5 Nxd4 23. cxd4 c4 24. Bc2 Rad8 25. Bf2 Bb4 26. Qe2 Bc3 27. Rd1 Bb2 28. Bxe4 c3 29. Nf3 Rc8 30. d5 b4 31. d6 Qa4 32. Nd4 Qxa2 33. d7 b3 34. dxc8Q Rxc8 35. Bd5 c2 36. Nxc2 bxc2 37. Bxa2 cxd1Q+ 38. Qxd1 Rc1 39. Qxc1 Bxc1 40. Bc5 1-0

[Event "HUN-chT2 Breyer 1011"]
[Site "Hungary"]
[Date "2011.03.27"]
[Round "7.1"]
[White "Palkovi, Jozsef"]
[Black "Juhasz, Mark"]
[Result "1-0"]
[WhiteElo "2438"]
[BlackElo "2232"]
[PlyCount "53"]
[EventDate "2010.09.12"]
[EventType "team-tourn"]
[EventRounds "11"]
[EventCountry "HUN"]
[SourceTitle "EXT 2012"]
[Source "ChessBase"]
[SourceDate "2011.11.24"]
[SourceVersion "1"]
[SourceVersionDate "2011.11.24"]
[SourceQuality "1"]
[WhiteTeam "Biatorbagy"]
[BlackTeam "Zsambek"]
[WhiteTeamCountry "HUN"]
[BlackTeamCountry "HUN"]

1. e4 c6 2. d4 d5 3. e5 Bf5 4. c4 e6 5. Nc3 Ne7 6. a3 dxc4 7. Bxc4 Nd7 8. Nge2 Nb6 9. Bb3 Ned5 10. 0-0 Be7 11. Ng3 Bg6 12. f4 Qd7 13. Nce4 Rd8 14. Qe2 h5 15. Bc2 h4 16. f5 hxg3 17. fxg6 gxh2+ 18. Kh1 f6 19. Nc5 Bxc5 20. dxc5 Na8 21. exf6 Nxf6 22. Bf4 Nc7 23. Bxc7 Qxc7 24. Rxf6 gxf6 25. Qxe6+ Qe7 26. g7 Rh6 27. g8R# 1-0